00630nam a22001937a 450000500170000001000410001702000280005803500170008603500260010303700100012903700130013908200140015210000210016624500920018726000460027927000660032530000260039150000190041720230712142333.0 a1617EN ENG-117144 ENG-137372  a9780199465927c750.00  aB-650045-048 aEN-100676 EN-120904 bUppal bDBAD/PUB a508.95487 aNagendra, Harini aNature in the city:bBengaluru in the past, present, and future / cby Harini Nagendra  aNew Delhi bOxford University Pressc2016 aYMCA Library Building, 1 Jai Singh Road, bNew Delhi e110001 axvii, 224p.c22cm(Hb) aIncludes index